000 00406nam a2200169Ia 4500
001 23096
003 IN-NITTTR
005 20251114233300.0
008 251113s9999||||xx |||||||||||||| ||eng||
040 _beng
040 _cIN-NITTTR
041 _aeng
082 _a005.74 L873D
100 _aLoomis, Mary E. S.
245 0 _aData management and file structures /
_cLoomis, Mary E. S.
942 _2ddc
_cBK
999 _c25725
_d25725